000 00332nam a2200169Ia 4500
100 _aRiordan/Rebecca M
650 _aAJAX
942 _cBK
366 _f25
654 _aajax
245 _aHead first Ajax
260 _bOreilly
_c2008
082 _a5.74
_bRIO
300 _a497
546 _aENGLISH
_cPAMPHALETS
999 _c18146
_d18146